Guess The Country With Riddles. - Statistics

General Stats
  • This quiz has been taken 66 times
  • The average score is 8 of 14
Answer Stats
Hint Answer % Correct
Ja+🍳 Japan
93%
🥎+ivia Bolivia
88%
🌶️ Chile
88%
🟥⬜🟦 France
86%
🦃 Turkey
84%
🙂‍↔️+Pal Nepal
71%
🛶+🦢+A Botswana
57%
No Way 🗨️😮 Norway
54%
🦠+💶 Germany
52%
⬇️+Car+Ea South Korea
50%
S+🤕 Spain
38%
🇬🇧+🌧️ Ukraine
27%
🧾+ia Czechia
13%
👞👞 Jordan
5%
No matching quizzes found
Score Distribution
Percent of People with Each Score
Percentile by Number Answered
Your Score History
You have not taken this quiz